000 00625nam a2200193Ia 4500
005 20250508163336.0
008 008 250505s9999 xx 000 0 eng d
037 _aTextual
040 _aFEDL
_beng
_cFEDL
041 _aeng
_2eng
084 _a374.954, IND
_qFEDL
245 0 _aNational adult education in India: 50 years of adult education in India
245 0 _cIndia, Ministry of Education and Social India
260 _aNew Delhi, India
_bGovernment of India
_c1978
300 _aii,167p.
650 _aAdult education - India
_9760135
942 _cTEXL
_h374.954, IND
999 _c1382436
_d1382436